| 000 | 00384nam a2200169Ia 4500 | ||
|---|---|---|---|
| 001 | 24220 | ||
| 003 | IN-NITTTR | ||
| 005 | 20251114233311.0 | ||
| 008 | 251113s9999||||xx |||||||||||||| ||eng|| | ||
| 040 | _beng | ||
| 040 | _cIN-NITTTR | ||
| 041 | _aeng | ||
| 082 | _aR629.8 P21 I | ||
| 100 | _aParr, E. A. | ||
| 245 | 0 |
_aIndustrial control handbook / _cParr, E. A. |
|
| 942 |
_2ddc _cBK |
||
| 999 |
_c26849 _d26849 |
||